| 000 | 00783nam a22002413a 4500 | ||
|---|---|---|---|
| 005 | 20220603063444.0 | ||
| 008 | 011016s1997 mx fr 000 0 spa d | ||
| 020 | _a9686914463 | ||
| 035 | _aUPN01000114258 | ||
| 049 | _aCG | ||
| 050 | 4 |
_aPQ7297 R4.6 _bL5.7 1997 |
|
| 100 | 1 |
_aRiva Palacio, Vicente, _d1832-1896 |
|
| 245 | 1 | 4 |
_aLas liras hermanas : _bobras dramáticas / _cVicente Riva Palacio, Juan A. Mateos ; coord. José Ortíz Monasterio. |
| 250 | _a2a ed. | ||
| 260 |
_aMéxico : _bCNCA, Dirección General de Publicaciones : _bUNAM, _c1997 |
||
| 300 |
_a450 p. : _bfoto. |
||
| 440 | 0 |
_aObras escogidas ; _v3 |
|
| 650 | 2 |
_aTeatro mexicano _910342 |
|
| 700 | 1 |
_aMateos, Juan Antonio, _d1831-1913, _ecoaut. _925661 |
|
| 901 | _a175339 | ||
| 902 | _aMITM/npd | ||
| 905 | _aLibro | ||
| 999 |
_c88166 _d88166 |
||